00385nam a2200133Ia 4500008004100000041000800041082001600049100001700065245007600082260002900158300001600187365001600203700003200219230718s9999 xx 000 0 und d aeng a621.37bTHE aTheraja B.L. aTextbook Of Electrical Technology In SIUnits Vol.II: AC And DC Machines c2009bS. Chand & Company a865 To 1568 cRs.b375.00 aTheraja B.L. & Theraja A.K.